Data Visualization with Python

Saved in:
Bibliographic Details
Main Author: Kyran Dale
Format: Book
Published: shroff
Subjects:
Tags: Add Tag
No Tags, Be the first to tag this record!

MARC

LEADER 00000nam a2200000Ia 4500
005 20260427112708.0
526 |b Data Science 
100 |a Kyran Dale 
020 |a 9781491920510 
650 |a Visualization 
526 |a Bachelors 
942 |c BK 
245 |a Data Visualization with Python 
260 |b shroff 
999 |c 76  |d 76 
952 |0 0  |1 0  |4 0  |7 0  |8 2  |a BRISTOL  |b BRISTOL  |d 2026-04-22  |l 0  |p 000069  |r 2026-04-27 11:27:09  |w 2026-04-27  |y BK